000 01044nam a22002537a 4500
005 20170124102956.0
010 _aA-922306
020 _c100.00
035 _aA-922306
037 _bCen Lib/Ret
040 _aDPL
_bHN
082 _a821
_bखंडेल
100 _aखंडेलवाल, गुलाब
_97619
245 _aभावों का राजकुमार /
_cगुलाब खंडेलवाल
246 _aBhavon ka rajkumar /
_bby Gulab Khandelwal
260 _aप्रतापगढ़
_bकमल प्रकाशन
_c1997
270 _bउत्तर प्रदेश
_a105, मकंद्रूगंज, चौक प्रतापगढ़
_e230001
300 _a128पृ.
_c21सेमी (सजिल्द)
650 _aहिन्दी -- साहित्य
_953258
650 _aहिन्दी -- काव्य
_9779
650 _aHindi -- literature
_953259
650 _aHindi -- poetry
_953260
942 _2ddc
_cHN
_h821
_mखंडेल
999 _c113652
_d113652